Nel terzo anniversario della morte di don Giacomo Alberione: il senso di Dio; il senso dell’uomo; il senso della storia in “D. Alberione. 3° anniversario” pp. 5-28 (Record n. 34752)

Dettagli MARC
000 -LEADER
fixed length control field 00798nam a2200229Ia 4500
003 - CONTROL NUMBER IDENTIFIER
control field IT-RoPAU
005 - DATE AND TIME OF LATEST TRANSACTION
control field 20220918175900.0
008 - FIXED-LENGTH DATA ELEMENTS--GENERAL INFORMATION
fixed length control field 120407s9999 xx 000 0 und d
040 ## - CATALOGING SOURCE
Original cataloging agency IT-RoPAU
Transcribing agency 20131125151148.0
040 ## - CATALOGING SOURCE
Transcribing agency IT-RoPAU
041 ## - LANGUAGE CODE
Language code of text/sound track or separate title ita
100 ## - MAIN ENTRY--PERSONAL NAME
Personal name Giovanni Roatta
9 (RLIN) 3506
245 ## - TITLE STATEMENT
Title Nel terzo anniversario della morte di don Giacomo Alberione: il senso di Dio; il senso dell’uomo; il senso della storia in “D. Alberione. 3° anniversario” pp. 5-28
250 ## - EDITION STATEMENT
Edition statement Roma
260 ## - PUBLICATION, DISTRIBUTION, ETC. (IMPRINT)
Place of publication, distribution, etc. Imsa - UM
300 ## - PHYSICAL DESCRIPTION
Extent 45 p.
300 ## - PHYSICAL DESCRIPTION
Dimensions 17 cm
490 ## - SERIES STATEMENT
Volume/sequential designation 1
520 ## - SUMMARY, ETC.
Summary, etc. Indice<br/><br/>Presentazione - D. Zanoni<br/>Il senso di Dio - D. Roatta<br/>Il senso dell'uomo - D. Roatta<br/>Il senso della storia - D. Roatta<br/>Chi fu D. Alberione - D. Gambi
942 ## - ADDED ENTRY ELEMENTS (KOHA)
Koha item type LIBRO
Source of classification or shelving scheme Dewey Decimal Classification
Dati di copia
Withdrawn status Lost status Source of classification or shelving scheme Damaged status Not for loan Home library Current library Date acquired Total Checkouts Full call number Date last seen Price effective from Koha item type
    Dewey Decimal Classification Buone Condizioni Not For Loan PAULUS-BIBLIOTECA PAULUS-BIBLIOTECA 25/11/2013   P2 11 25/11/2013 25/11/2013 LIBRO
CREDITS: SOCIETA' SAN PAOLO Via A.Severo, 58 - ROMA (RM) & PERIODICI SAN PAOLO SRL Via Giotto, 36 MILANO & CISF Via Giotto, 36 MILANO & EDIZIONI SAN PAOLO SRL,  Piazza Soncino, 5 CINISELLO BALSAMO (MI) -- ITALY